| 000 | 01401cam a22003617a 4500 | ||
|---|---|---|---|
| 001 | 14640822 | ||
| 005 | 20080507142023.0 | ||
| 008 | 061120s2007 ne a b 001 0 eng | ||
| 010 | _a 2006938980 | ||
| 015 |
_aGBA6A1118 _2bnb |
||
| 016 | 7 |
_a013613722 _2Uk |
|
| 020 | _a0750680776 (pbk.) | ||
| 020 | _a9780750680776 (pbk.) | ||
| 035 | _a(OCoLC)ocm76853134 | ||
| 040 |
_aUKM _cUKM _dBAKER _dYDXCP _dBWKUK _dDLC |
||
| 042 | _alccopycat | ||
| 050 | 0 | 0 |
_aTA705 _b.B328 2007 |
| 082 | 0 | 0 |
_a624.151 _222 _bBEL |
| 100 | 1 |
_aBell, F. G. _q(Frederic Gladstone) _923487 |
|
| 245 | 1 | 0 |
_aEngineering Geology / _cF.G. Bell. |
| 250 | _a2nd ed. | ||
| 260 |
_aAmsterdam : _aBoston : _bButterworth-Heinemann, 2007 _c2007. |
||
| 300 |
_aix, 581 p. : _bill. ; _c25 cm. |
||
| 504 | _aIncludes bibliographical references (p. 551-574) and index. | ||
| 650 | 0 |
_aEngineering geology. _923488 |
|
| 653 |
_bpet _cApril2011 |
||
| 856 | 4 | 1 |
_3Table of contents only _uhttp://www.loc.gov/catdir/toc/fy0710/2006938980.html |
| 856 | 4 | 2 |
_3Publisher description _uhttp://www.loc.gov/catdir/enhancements/fy0703/2006938980-d.html |
| 942 |
_2ddc _cBB |
||
| 999 |
_c15219 _d15219 |
||